LEADER 01453nam a2200301 i 4500 001 000000176985 003 CaOOAMICUS 005 20090112000000.0 008 090112s2008 it u000 u ita u 013 $a154487 020 $a978-88-10-24119-6 040 $aSeMil$bita 100 1 $aServizio di animazione comunitaria.$0(OLS)http://semarc/name/8999 245 10$aSpiritualità di comunione :$bun'esperienza, una teologia, una pastorale /$cServizio di animazione comunitaria ; presentazione di mons. Luciano Monari vescovo di Brescia ; a cura di Juan Bautista Cappellaro. 260 $aBologna :$bEDB,$cstampa 2008. 300 $a1397 p. ;$c18 cm. 490 0 $aStrumenti 500 $aIn custodia. 650 4$aServizio di animazione comunitaria (Movimento ecclesiale).$0(OLS)http://semarc/subject/33762 700 1 $aCappellaro, Juan Bautista <1929-2008>.$0(OLS)http://semarc/name/9000 700 1 $aMonari, Luciano .$0(OLS)http://semarc/name/38698 830 0$aStrumenti.$0(OLS)http://semarc/title/6054 850 $aSeMil 852 $aSeMil$W1$xVenegono$y1$m3E I 6$j127799$B127799$CSeMilBibl$Z2$F140597 $81 961 $aOmaggio: Delpini mons. Mario 996 $6020$a978-88-10-24119-6$9(OLS)http://semarc/number/165700 996 $6245$aSpiritualità di comunione :$bun'esperienza, una teologia, una pastorale$9(OLS)http://semarc/title/254154 996 $6260$aBologna :$bEDB$9(OLS)http://semarc/publisher/29669 LEADER 00972nam a2200217 i 4500 001 000000021479 003 CaOOAMICUS 005 20250820081944.0 008 180830s1969 it u000 u ita u 040 $aSeMil$bita 100 1 $aRondet, Henri,$c.$0(OLS)http://semarc/name/504 245 13$aDe Vatican 1. a Vatican 2. /$cHenri Rondet. 260 $aParis :$bLethielleux,$c1969. 300 $a2 v. ;$c19 cm. 490 1 $aThéologie, pastorale et spiritualité 774 0 $aRondet, Henri $tOuverture a l'oecumenisme.$kThéologie, pastorale et spiritualité$g1$w()45800 774 0 $aRondet, Henri $tOuverture au monde.$kThéologie, pastorale et spiritualité$g2$w()163050 830 0$aThéologie, pastorale et spiritualité.$0(OLS)http://semarc/title/18299 996 $6245$aDe Vatican 1. a Vatican 2.$9(OLS)http://semarc/title/28436 996 $6260$aParis :$bLethielleux$9(OLS)http://semarc/publisher/30156